|
|
|
|
| LEADER |
00000nam a22000007a 4500 |
| 005 |
20130115163155.0 |
| 007 |
cr|||| |||| |
| 008 |
130115e2007 sp |||||s|||| 00||0 spa d |
| 020 |
|
|
|a 9978991522
|
| 035 |
|
|
|a 6718
|
| 040 |
|
|
|a vLex
|
| 090 |
|
|
|c 3519
|d 3519
|
| 100 |
1 |
0 |
|a Bustos A., Javier
|
| 245 |
1 |
0 |
|a El Impuesto al Valor Agregado y el Rǧimen de Facturacin̤ en el Impuesto a la Renta
|h [Recurso electrn̤ico]
|
| 256 |
|
|
|a Servicio en ln̕ea
|
| 260 |
|
|
|a Quito :
|b vLex,
|c 2007
|
| 300 |
|
|
|a 1 Recurso electrn̤ico
|
| 650 |
0 |
4 |
|a Derecho tributario
|
| 651 |
|
4 |
|a Ecuador
|
| 740 |
|
|
|a vLex Libros (servicio en ln̕ea)
|
| 856 |
|
|
|a Acceso restringido
|u http://vlex.com/source/6718
|
| 942 |
|
|
|c BOOK
|